| 000 | 00557nam a2200121Ia 4500 | ||
|---|---|---|---|
| 008 | 220620s9999||||xx |||||||||||||| ||und|| | ||
| 245 | 0 |
_aComputational Physiology _bSimula Summer School 2021 − Student Reports |
|
| 546 | _aEnglish[eng] | ||
| 650 | _aComputational Physiology||Scientific computing||Electrophysiology||Pharmacology||Mechanics||Machine learning||Fluid mechanics||Bioengineering||Numerical analysis | ||
| 700 | _aMcCabe, Kimberly J. | ||
| 856 | _uhttps://library.oapen.org/bitstream/20.500.12657/54444/1/978-3-031-05164-7.pdf | ||
| 942 | _cEB | ||
| 999 |
_c33339 _d33339 |
||